| 000 | 00402nam a2200121Ia 4500 | ||
|---|---|---|---|
| 008 | 171212s9999 xx 000 0 und d | ||
| 020 | _a9780980672312 | ||
| 100 | _aMagarey, Susan | ||
| 245 |
_cMagarey, Susan _aUnbridling the Tongues of Women _bA biography of Catherine Helen Spence |
||
| 260 |
_bUniversity of Adelaide Press _c2010 |
||
| 650 | _aHistory | ||
| 856 | _uhttp://jstor.org/stable/j.ctt1t304w0 | ||
| 999 |
_c352954 _d352954 |
||